Walt Disney's Sleeping Beauty / (Record no. 2172)

MARC details
000 -LEADER
fixed length control field 01151cam a2200361 a 4500
001 - CONTROL NUMBER
control field 2172
003 - CONTROL NUMBER IDENTIFIER
control field FISKH
005 - DATE AND TIME OF LATEST TRANSACTION
control field 20231108114232.0
008 - FIXED-LENGTH DATA ELEMENTS--GENERAL INFORMATION
fixed length control field 980109s1997 nyua b 000 0 eng
010 ## - LIBRARY OF CONGRESS CONTROL NUMBER
LC control number 98102522
020 ## - INTERNATIONAL STANDARD BOOK NUMBER
International Standard Book Number 0307020258
020 ## - INTERNATIONAL STANDARD BOOK NUMBER
International Standard Book Number 0307020258
040 ## - CATALOGING SOURCE
Original cataloging agency DLC
Transcribing agency DLC
Modifying agency DLC
Language of cataloging eng
042 ## - AUTHENTICATION CODE
Authentication code lcac
050 00 - LIBRARY OF CONGRESS CALL NUMBER
Classification number PZ8.T24
Item number Wap 1997
082 00 - DEWEY DECIMAL CLASSIFICATION NUMBER
Classification number 398.2/0944/02
-- E
Edition number 21
100 1# - MAIN ENTRY--PERSONAL NAME
Personal name Teitelbaum, Michael.
245 10 - TITLE STATEMENT
Title Walt Disney's Sleeping Beauty /
Statement of responsibility, etc. adapted by Michael Teitelbaum ; illustrated by Sue DiCicco.
246 30 - VARYING FORM OF TITLE
Title proper/short title Sleeping Beauty
260 ## - PUBLICATION, DISTRIBUTION, ETC.
Place of publication, distribution, etc. New York :
Name of publisher, distributor, etc. Golden Books,
Date of publication, distribution, etc. 1989.
300 ## - PHYSICAL DESCRIPTION
Extent 24 unnumbered pages :
Other physical details color illustrations ;
Dimensions 20 cm
490 0# - SERIES STATEMENT
Series statement A little golden book
500 ## - GENERAL NOTE
General note "A golden book, New York."
505 ## - FORMATTED CONTENTS NOTE
Formatted contents note O<br/>
520 ## - SUMMARY, ETC.
Summary, etc. A wicked witch's spell over the Princess Aurora is broken when Prince Phillip releases her with a kiss.
521 8# - TARGET AUDIENCE NOTE
Target audience note 600<br/>
Source Lexile estimate<br/>
521 8# - TARGET AUDIENCE NOTE
Target audience note O<br/>
Source Raz-Plus<br/>
650 #1 - SUBJECT ADDED ENTRY--TOPICAL TERM
Topical term or geographic name entry element Fairy tales.
650 #1 - SUBJECT ADDED ENTRY--TOPICAL TERM
Topical term or geographic name entry element Folklore.
700 1# - ADDED ENTRY--PERSONAL NAME
Personal name DiCicco, Sue,
Relator term illustrator
906 ## - LOCAL DATA ELEMENT F, LDF (RLIN)
a 7
b cbc
c orignew
d 3
e ncip
f 19
g y-gencatlg
942 ## - ADDED ENTRY ELEMENTS (KOHA)
Source of classification or shelving scheme Dewey Decimal Classification
Koha item type Books
Suppress in OPAC No
Holdings
Withdrawn status Lost status Source of classification or shelving scheme Damaged status Not for loan Collection Home library Current library Shelving location Date acquired Total Checkouts Full call number Barcode Date last seen Date last checked out Price effective from Koha item type
    Dewey Decimal Classification     Juvenile Fiction Footprints International School Library Network Toul Kork Campus Footprints International School Library Network Toul Kork Campus TK Primary Library Room(4th Floor), Bookcase 3&4, Shelves 17-32, Yellow Books 11/08/2023 1 TEI 398.2094402 PZ8.T24 FISBK00207 01/11/2024 11/23/2023 11/08/2023 Books